000 00296nam a2200121Ia 4500
008 240731s9999 xx 000 0 und d
022 _a1541-180X
245 0 _aTeaching Artist Journal
260 _bRoutledge
856 _uhttps://www.tandfonline.com/loi/htaj20
942 _2ddc
942 _cTFEJ
999 _c79809
_d79809
945 _a1
_bMadushi Gamage
_c1
_dMadushi Gamage